000 01555nam a2200433 i 4500
001 192974
003 SpMaBN
005 20250815050811.0
007 ta
008 230713s1974 sp | |||| 001 0 spa
016 7 _abimoBNE19981539288
_zIND9200337239
_2SpMaBN
017 _aM 17317-1974
_bOficina Depósito Legal Madrid
020 _a8432301361
035 _a(OCoLC)431909265
035 _abimo0000909174
040 _aSpMaBN
_bspa
_cA2
_dES-MaACL
044 _asp
_amx
080 _a1"14/15"
100 0 _aGandillac, Maurice de,
_d1906-2006
_0XX1146907
_953842
245 1 3 _aLa filosofía en el Renacimiento /
_cbajo la dirección de Yvon Belaval. [Traductores Manuel Pérez Ledesma, Teodoro de Andrés, Joaquín Sanz Guijarro]
250 _a1ª ed. en castellano
260 _aMadrid :
_bSiglo XXI de España ;
_c1974.
300 _a377 p. ;
_c18 cm
336 _aTexto (visual)
_2rdacontent
337 _asin mediación
_2rdamedia
338 _2rdacarrier
_avolumen
490 1 _aHistoria de la Filosofía siglo XXI ;
_v5
504 _aBibliografía: p. 328-344. Índices
650 7 _aFilosofía renacentista
_2embne
_9147263
700 0 _aBelaval, Yvon
_927130
700 1 _aPérez Ledesma, Manuel,
_d1944-2018
_990962
700 0 _aAndrés, Teodoro de
_921589
700 0 _aSanz Guijarro, Joaquín
_9103646
830 0 _aHistoria de la filosofía (Siglo XXI)
_v5
_9233698
942 _n0
_cMONOGRAFIA
999 _c192974
_d192974